La percepción literaria: el papel del lector

Na minha lista:
Detalhes bibliográficos
Autor principal: Medina Cano, Federico
Formato: Desconhecido
Publicado em: Colombia: Agora,
Assuntos:
Tags: Adicionar Tag
Sem tags, seja o primeiro a adicionar uma tag!

MARC

LEADER 000000000a22000000004500
001 000101
100 1 |a Medina Cano, Federico 
245 1 0 |a La percepción literaria: el papel del lector 
260 |a Colombia:   |b Agora, 
650 4 |a LECTURA 
650 4 |a LECTORES 
773 0 |t Con-Textos: Revista de Semiótica Literaria 
773 0 |g 2 
773 0 |g 16 
773 0 |g 1995 
773 0 |g 98-142 
999 |c 843  |d 843